Loading...
Introduction to insect biology and diversity
| Main Author: | |
|---|---|
| Other Authors: | , |
| Format: | Printed Book |
| Language: | Undetermined English |
| Published: |
London
Mc GRaw- Hill Kogakusha
1978
|
| Subjects: |
| LEADER | 00672nam a2200217Ia 4500 | ||
|---|---|---|---|
| 008 | 140306s9999 xx 000 0 und d | ||
| 020 | |a 00701520810 | ||
| 041 | |a eng | ||
| 082 | |a 595.7 |b DAL | ||
| 100 | |a Daly, Howell V | ||
| 245 | |a Introduction to insect biology and diversity | ||
| 260 | |a London |b Mc GRaw- Hill Kogakusha |c 1978 | ||
| 300 | |a 564 | ||
| 650 | |a Entomology | ||
| 650 | |a insect biology | ||
| 650 | |a insect diversity | ||
| 700 | |a Doyen, John T | ||
| 700 | |a Ehrlich, Paul R | ||
| 942 | |2 ddc |c BK | ||
| 999 | |c 51581 |d 51581 | ||
| 952 | |0 0 |1 0 |2 ddc |4 0 |6 595_700000000000000_DAL |7 0 |9 67905 |a KAUACV |b KAUACV |d 2004-05-05 |o 595.7 DAL |p KAU_ACV-20714 |r 2014-03-22 |w 2014-03-22 |y BK | ||